[Event "FIDE WCC Blitz Women 2019"]
[Site "Moscow"]
[Date "2019.12.30"]
[Round "13.27"]
[White "Bykova, Anastasia"]
[Black "Matveeva, Svetlana"]
[Result "1-0"]
[WhiteElo "2107"]
[BlackElo "2239"]
[Annotator "NA"]
[PlyCount "89"]
[EventDate "2019.12.29"]
[EventType "swiss"]
[EventCountry "RUS"]
[SourceTitle "playchess.com"]
[Source "ChessBase"]
[SourceQuality "1"]

1. d4 e6 2. c4 b6 3. Nf3 Bb7 4. g3 Bb4+ 5. Bd2 Bxf3 6. exf3 Bxd2+ 7. Nxd2 d5 8. Bg2 Ne7 9. O-O O-O 10. f4 Nbc6 11. Nf3 Rc8 12. b3 dxc4 13. bxc4 Qd6 14. Qd3 Rfd8 15. Rfd1 h6 16. Qc3 Qb4 17. Qc2 Na5 18. Rac1 c5 19. d5 exd5 20. cxd5 Nxd5 21. Qf5 Nf6 22. Ne5 Qb2 23. g4 Qxa2 24. g5 hxg5 25. fxg5 Nh7 26. Rd7 Qe6 27. Qxe6 fxe6 28. g6 Nf6 29. Rxa7 Nb3 30. Re1 Nd4 31. Nf7 Rf8 32. Ng5 Rfe8 33. Bh3 c4 34. Kg2 c3 35. Nxe6 Nxe6 36. Bxe6+ Rxe6 37. Rxe6 c2 38. Re1 Kf8 39. Rf7+ Kg8 40. Ra7 Nd5 41. Kf3 Nb4 42. Ree7 c1=Q 43. Rxg7+ Kf8 44. Raf7+ Ke8 45. Rg8# 1-0

[Event "FIDE WCC Blitz Women 2019"]
[Site "Moscow"]
[Date "2019.12.30"]
[Round "13.28"]
[White "Fominykh, Maria"]
[Black "Injac, Teodora"]
[Result "0-1"]
[WhiteElo "2055"]
[BlackElo "2236"]
[Annotator "NA"]
[PlyCount "60"]
[EventDate "2019.12.29"]
[EventType "swiss"]
[EventCountry "RUS"]
[SourceTitle "playchess.com"]
[Source "ChessBase"]
[SourceQuality "1"]

1. Nf3 Nf6 2. g3 g6 3. Bg2 Bg7 4. c4 O-O 5. Nc3 d6 6. d4 Nc6 7. O-O Bf5 8. d5 Na5 9. Nd4 Bd7 10. b3 c5 11. Nc2 a6 12. Bb2 Rb8 13. Rb1 b5 14. cxb5 axb5 15. b4 Nc4 16. Ba1 Qc8 17. Re1 h5 18. Ne4 Nxe4 19. Bxe4 Bf5 20. Bxg7 Bxe4 21. Bxf8 Qh3 22. f3 Bxc2 23. Qxc2 Ne3 24. Kf2 Nxc2 25. Rg1 Kxf8 26. bxc5 dxc5 27. Rbc1 Nd4 28. Rxc5 Rc8 29. Rxc8+ Qxc8 30. Rd1 Qc5 0-1

[Event "FIDE WCC Blitz Women 2019"]
[Site "Moscow"]
[Date "2019.12.30"]
[Round "13.29"]
[White "Assaubayeva, Bibisara"]
[Black "Goltseva, Ekaterina"]
[Result "0-1"]
[WhiteElo "2323"]
[BlackElo "2143"]
[Annotator "NA"]
[PlyCount "112"]
[EventDate "2019.12.29"]
[EventType "swiss"]
[EventCountry "RUS"]
[SourceTitle "playchess.com"]
[Source "ChessBase"]
[SourceQuality "1"]

1. d4 Nf6 2. c4 e6 3. Nf3 d5 4. Nc3 dxc4 5. e4 b5 6. e5 Nd5 7. Nxb5 Nb6 8. Be2 Nc6 9. O-O Be7 10. Qd2 Bb7 11. Qf4 Qd7 12. Qg4 O-O-O 13. Be3 h5 14. Qg3 g5 15. Nxg5 h4 16. Qh3 Bxg5 17. Bxg5 Rdg8 18. f4 Nxd4 19. Nxd4 Qxd4+ 20. Kh1 Qxb2 21. Bf3 Qd4 22. Bxb7+ Kxb7 23. a4 a5 24. Qf3+ Qd5 25. Rad1 Qxf3 26. Rxf3 Kc6 27. Bf6 Rh6 28. Rb1 Nd5 29. Bg5 Rhh8 30. Rff1 Rb8 31. Rbc1 Rb4 32. f5 Rxa4 33. fxe6 fxe6 34. Bd2 Ra2 35. Rxc4+ Kb5 36. Rd4 c5 37. Rb1+ Kc6 38. Rd3 c4 39. Rc3 Nxc3 40. Bxc3 h3 41. g3 Rf8 42. Bd4 Rd8 43. Be3 Rd3 44. Bf4 c3 45. Kg1 c2 46. Rc1 Rb3 47. g4 Rb4 48. Bd2 Rxg4+ 49. Kf2 Kd5 50. Ke3 Re4+ 51. Kd3 Rd4+ 52. Kc3 a4 53. Be3 Rc4+ 54. Kd3 Ra3+ 55. Kd2 Rb3 56. Bf4 Rxf4 0-1

[Event "FIDE WCC Blitz Women 2019"]
[Site "Moscow"]
[Date "2019.12.30"]
[Round "13.30"]
[White "Nebolsina, Vera"]
[Black "Cramling, Pia"]
[Result "0-1"]
[WhiteElo "2252"]
[BlackElo "2383"]
[Annotator "NA"]
[PlyCount "66"]
[EventDate "2019.12.29"]
[EventType "swiss"]
[EventCountry "RUS"]
[SourceTitle "playchess.com"]
[Source "ChessBase"]
[SourceQuality "1"]

1. e4 c5 2. Nc3 Nc6 3. Bb5 Nd4 4. Bc4 e6 5. Nge2 Ne7 6. O-O Nec6 7. d3 Be7 8. a3 a6 9. Nxd4 Nxd4 10. Ne2 b5 11. Ba2 O-O 12. c3 Nxe2+ 13. Qxe2 Bb7 14. Be3 Rc8 15. Rad1 Qc7 16. f4 f5 17. exf5 Rxf5 18. d4 cxd4 19. Bxd4 Rxf4 20. Rxf4 Qxf4 21. Rf1 Qe4 22. Qd2 Rf8 23. Re1 Qg4 24. Bb1 Bd5 25. h3 Qg5 26. Qc2 g6 27. Re5 Qf4 28. Rxd5 exd5 29. Bf2 Bd6 30. Ba2 Qh2+ 31. Kf1 Qh1+ 32. Ke2 Qxg2 33. Qd3 Rxf2+ 0-1

[Event "FIDE WCC Blitz Women 2019"]
[Site "Moscow"]
[Date "2019.12.30"]
[Round "13.31"]
[White "Ambartsumova, Karina"]
[Black "Gevorgyan, Maria"]
[Result "1-0"]
[WhiteElo "2254"]
[BlackElo "2244"]
[Annotator "NA"]
[PlyCount "76"]
[EventDate "2019.12.29"]
[EventType "swiss"]
[EventCountry "RUS"]
[SourceTitle "playchess.com"]
[Source "ChessBase"]
[SourceQuality "1"]

1. c4 c5 2. Nf3 Nf6 3. Nc3 Nc6 4. d4 cxd4 5. Nxd4 g6 6. Nc2 Bg7 7. e4 d6 8. Be2 Qa5 9. O-O O-O 10. Bd2 Be6 11. b4 Qd8 12. Rc1 Rc8 13. f4 Nb8 14. Ne3 Qb6 15. Kh1 Rfe8 16. a3 Nc6 17. f5 Bd7 18. Ned5 Nxd5 19. Nxd5 Qd8 20. Bc3 Ne5 21. Bd4 e6 22. fxe6 fxe6 23. Ne3 Qh4 24. Qd2 Qxe4 25. Bxe5 Qxe5 26. Bf3 Bc6 27. Bxc6 Rxc6 28. Rce1 Qc3 29. Qe2 Qxa3 30. b5 Rc7 31. Nd5 Rf7 32. Rxf7 Kxf7 33. Nc7 Re7 34. Nd5 Re8 35. Nc7 Re7 36. Nxe6 Bc3 37. Ng5+ Kg8 38. Qxe7 Bxe1 1-0

[Event "FIDE WCC Blitz Women 2019"]
[Site "Moscow"]
[Date "2019.12.30"]
[Round "13.32"]
[White "Bivol, Alina"]
[Black "Guseva, Marina"]
[Result "1/2-1/2"]
[WhiteElo "2186"]
[BlackElo "2245"]
[Annotator "NA"]
[PlyCount "71"]
[EventDate "2019.12.29"]
[EventType "swiss"]
[EventCountry "RUS"]
[SourceTitle "playchess.com"]
[Source "ChessBase"]
[SourceQuality "1"]

1. Nf3 Nf6 2. g3 b5 3. Na3 b4 4. Nc4 d5 5. Nce5 e6 6. Bg2 Bb7 7. O-O Nbd7 8. c3 bxc3 9. bxc3 Bd6 10. Nxd7 Qxd7 11. Rb1 c5 12. d4 O-O 13. dxc5 Bxc5 14. c4 Rfd8 15. Ne5 Qe7 16. Qa4 Rac8 17. Bg5 Ba8 18. Ng4 Bc6 19. Qc2 dxc4 20. Nxf6+ gxf6 21. Bh4 Bxg2 22. Kxg2 Kg7 23. e3 Bb6 24. Qe4 Rd5 25. Rfd1 Rxd1 26. Rxd1 Bd8 27. Qg4+ Kh8 28. Qf4 Qb7+ 29. Kh3 Kg8 30. Bxf6 Bxf6 31. Qxf6 Qb5 32. Rd4 Qf5+ 33. Qxf5 exf5 34. Rd2 Kg7 35. Kg2 Kf6 36. f4 1/2-1/2

[Event "FIDE WCC Blitz Women 2019"]
[Site "Moscow"]
[Date "2019.12.30"]
[Round "13.33"]
[White "Doluhanova, Evgeniya"]
[Black "Zatonskih, Anna"]
[Result "0-1"]
[WhiteElo "2222"]
[BlackElo "2374"]
[Annotator "NA"]
[PlyCount "72"]
[EventDate "2019.12.29"]
[EventType "swiss"]
[EventCountry "RUS"]
[SourceTitle "playchess.com"]
[Source "ChessBase"]
[SourceQuality "1"]

1. Nf3 d5 2. b3 c5 3. Bb2 Nc6 4. e3 Nf6 5. Bb5 Bd7 6. O-O e6 7. Bxc6 Bxc6 8. Ne5 Qc7 9. d3 Nd7 10. f4 Nxe5 11. Bxe5 Qd7 12. Nd2 f6 13. Bb2 Bd6 14. Qg4 O-O 15. c4 Rae8 16. Rad1 Bc7 17. d4 Bb6 18. Kh1 cxd4 19. exd4 dxc4 20. bxc4 Rd8 21. Nb3 a5 22. Ba3 Rfe8 23. Bc5 Qc7 24. Bxb6 Qxb6 25. Rfe1 Ba4 26. c5 Qc7 27. Rxe6 Bxb3 28. axb3 Qf7 29. Rxe8+ Qxe8 30. h3 Qe4 31. Qf3 Qc2 32. Re1 Rxd4 33. Qxb7 Rd8 34. Re7 Qc1+ 35. Kh2 Qxf4+ 36. Kg1 Rd1+ 0-1

[Event "FIDE WCC Blitz Women 2019"]
[Site "Moscow"]
[Date "2019.12.30"]
[Round "13.34"]
[White "Tsogzolmaa, Nanjid"]
[Black "Kulon, Klaudia"]
[Result "1-0"]
[WhiteElo "1775"]
[BlackElo "2457"]
[Annotator "ChessBase"]
[PlyCount "91"]
[EventDate "2019.12.29"]
[EventType "swiss"]
[EventCountry "RUS"]
[SourceTitle "playchess.com"]
[Source "ChessBase"]
[SourceQuality "1"]

1. d4 d5 2. Nf3 c6 3. Bf4 g6 4. e3 Bg7 5. Nbd2 Nf6 6. h3 O-O 7. Be2 Nbd7 8. O-O Ne4 9. c4 e6 10. Nxe4 dxe4 11. Ng5 e5 12. dxe5 Nxe5 13. Nxe4 Be6 14. Qb3 Qb6 15. Rfd1 h6 16. Qc2 Rfd8 17. c5 Qa5 18. Nd6 Rd7 19. a3 g5 20. Bg3 Qc7 21. Qe4 Bd5 22. Qf5 Re7 23. Rac1 Bb3 24. Rd2 b6 25. Bc4 Nxc4 26. Nxc4 Qc8 27. Nd6 Qe6 28. Qxe6 Bxe6 29. cxb6 axb6 30. Rxc6 b5 31. Rb6 Rd8 32. Rxb5 Red7 33. e4 f6 34. Rb6 Bf8 35. a4 f5 36. exf5 Bxf5 37. a5 Bh7 38. a6 Ra7 39. b4 Bb1 40. b5 Bf5 41. Re2 Bd7 42. Rb7 Rxb7 43. Nxb7 Rb8 44. Bxb8 Bxb5 45. a7 Bxe2 46. a8=Q 1-0

[Event "FIDE WCC Blitz Women 2019"]
[Site "Moscow"]
[Date "2019.12.30"]
[Round "13.35"]
[White "Belenkaya, Dina"]
[Black "Pourkashiyan, Atousa"]
[Result "1/2-1/2"]
[WhiteElo "2203"]
[BlackElo "2327"]
[Annotator "NA"]
[PlyCount "82"]
[EventDate "2019.12.29"]
[EventType "swiss"]
[EventCountry "RUS"]
[SourceTitle "playchess.com"]
[Source "ChessBase"]
[SourceQuality "1"]

1. e4 c5 2. Nc3 e6 3. Nge2 a6 4. g3 b5 5. Bg2 Bb7 6. d3 d6 7. O-O Nf6 8. f4 Qc7 9. h3 Be7 10. Be3 Nc6 11. Qe1 O-O 12. Qf2 b4 13. Na4 Rfe8 14. g4 Rac8 15. g5 Nd7 16. h4 Bf8 17. h5 g6 18. h6 f5 19. Rad1 Ne7 20. Ng3 d5 21. c3 c4 22. exf5 Nxf5 23. Nxf5 exf5 24. Bd4 Nc5 25. Nxc5 Bxc5 26. dxc4 Bxd4 27. Rxd4 dxc4 28. Bxb7 Qxb7 29. Rfd1 Rc7 30. Rd5 Rce7 31. Kf1 bxc3 32. bxc3 Qc6 33. Qd4 Qe6 34. Re5 Qc6 35. Rxe7 Qh1+ 36. Kf2 Qh2+ 37. Kf1 Qh1+ 38. Kf2 Qh2+ 39. Kf1 Qh1+ 40. Kf2 Qh2+ 41. Kf1 Qh1+ 1/2-1/2

[Event "FIDE WCC Blitz Women 2019"]
[Site "Moscow"]
[Date "2019.12.30"]
[Round "13.36"]
[White "Mamedjarova, Zeinab"]
[Black "Badelka, Olga"]
[Result "1-0"]
[WhiteElo "2325"]
[BlackElo "2186"]
[Annotator "NA"]
[PlyCount "73"]
[EventDate "2019.12.29"]
[EventType "swiss"]
[EventCountry "RUS"]
[SourceTitle "playchess.com"]
[Source "ChessBase"]
[SourceQuality "1"]

1. d4 Nf6 2. Nf3 e6 3. e3 c5 4. Bd3 Nc6 5. O-O b6 6. a3 Bb7 7. b3 Be7 8. Bb2 O-O 9. c4 cxd4 10. exd4 d5 11. Nbd2 Rc8 12. Rc1 Re8 13. Re1 Bf8 14. Ne5 g6 15. cxd5 Nxd5 16. Bb5 Nde7 17. Ne4 Bg7 18. Nxf7 Kxf7 19. Ng5+ Kg8 20. Nxe6 Qd6 21. Nxg7 Kxg7 22. d5+ Kg8 23. dxc6 Qxd1 24. Rcxd1 Bxc6 25. Bc4+ Kf8 26. a4 Nf5 27. h3 Rxe1+ 28. Rxe1 Rd8 29. Ba3+ Kg7 30. Bb2+ Kf8 31. Bf6 Rd6 32. Be5 Rd2 33. Bf4 Rd8 34. g4 Rd4 35. Bg5 Ng7 36. Be7+ Ke8 37. Bf6+ 1-0

[Event "FIDE WCC Blitz Women 2019"]
[Site "Moscow"]
[Date "2019.12.30"]
[Round "13.37"]
[White "Nosacheva, Mariya"]
[Black "Mammadzada, Gunay"]
[Result "1/2-1/2"]
[WhiteElo "2062"]
[BlackElo "2314"]
[Annotator "NA"]
[PlyCount "161"]
[EventDate "2019.12.29"]
[EventType "swiss"]
[EventCountry "RUS"]
[SourceTitle "playchess.com"]
[Source "ChessBase"]
[SourceQuality "1"]

1. e4 c5 2. Nf3 d6 3. d4 cxd4 4. Nxd4 Nf6 5. Nc3 a6 6. h3 Nc6 7. g4 Qb6 8. Nb3 e6 9. Be3 Qc7 10. Bg2 Be7 11. Qe2 b5 12. g5 Nd7 13. f4 Nb6 14. Nd2 b4 15. Nd1 a5 16. Qf2 Nd7 17. O-O Ba6 18. Re1 O-O 19. f5 Nce5 20. Nf3 Rac8 21. Nd4 Nc5 22. a3 Bb7 23. Qh4 Rfe8 24. Bf2 Qd8 25. Ne3 Bxg5 26. Qg3 Nxe4 27. Bxe4 Bxe4 28. fxe6 fxe6 29. Ng4 Nxg4 30. Qxg4 Bd5 31. Nxe6 Bxe6 32. Rxe6 h6 33. Rae1 Rf8 34. R1e2 bxa3 35. bxa3 Qc7 36. h4 Bf6 37. R6e4 Qb7 38. Bd4 Bxd4+ 39. Rxd4 Qb1+ 40. Kh2 Rxc2 41. Qe6+ Kh8 42. Rg4 Rf2+ 43. Rg2 Rxg2+ 44. Rxg2 Rxg2+ 45. Kxg2 Qb2+ 46. Kg1 Qd4+ 47. Kf1 Qf4+ 48. Kg1 Kh7 49. h5 Qg5+ 50. Kf1 d5 51. Qe8 Qf5+ 52. Kg1 Qg4+ 53. Kf2 Qf5+ 54. Kg3 d4 55. Qe1 Qxh5 56. Qf1 Qg5+ 57. Kh3 Qe3+ 58. Kg4 Qg5+ 59. Kh3 Qg6 60. Qe1 d3 61. Qd2 h5 62. Qxa5 Qg4+ 63. Kh2 Qe2+ 64. Kg3 Qg4+ 65. Kf2 Qf4+ 66. Ke1 Qe3+ 67. Kf1 Qe2+ 68. Kg1 d2 69. Qf5+ Kh6 70. Qf4+ Kg6 71. Qd6+ Kf5 72. Qd5+ Kf4 73. Qd4+ Kf3 74. Qd5+ Ke3 75. Qe5+ Kd3 76. Qb5+ Ke3 77. Qe5+ Kf3 78. Qxh5+ Ke3 79. Qe5+ Kd3 80. Qb5+ Ke3 81. Qe5+ 1/2-1/2

[Event "FIDE WCC Blitz Women 2019"]
[Site "Moscow"]
[Date "2019.12.30"]
[Round "13.38"]
[White "Nomin-Erdene, Davaademberel"]
[Black "Lysenko, Margarita"]
[Result "1-0"]
[WhiteElo "2298"]
[BlackElo "2188"]
[Annotator "NA"]
[PlyCount "144"]
[EventDate "2019.12.29"]
[EventType "swiss"]
[EventCountry "RUS"]
[SourceTitle "playchess.com"]
[Source "ChessBase"]
[SourceQuality "1"]

1. f4 d5 2. Nf3 g6 3. g3 Bg7 4. Bg2 Nh6 5. O-O O-O 6. d3 c5 7. c3 Qb6 8. Kh1 Rd8 9. Qe1 Qa6 10. Be3 b6 11. Nbd2 Bb7 12. Bg1 Nc6 13. h3 d4 14. c4 Nf5 15. Ne4 Ne3 16. Bxe3 dxe3 17. Nc3 Nd4 18. Qc1 Bc6 19. Ne1 Qb7 20. Kh2 e5 21. Nd5 exf4 22. gxf4 Nxe2 23. Qxe3 Re8 24. Qd2 Nd4 25. Rf2 Rad8 26. Nc2 Nf5 27. Rb1 Bxd5 28. Bxd5 Qc7 29. b4 Bd4 30. Nxd4 cxd4 31. Be4 Ne3 32. Kg1 f5 33. Bf3 Kg7 34. Bh1 Re7 35. Rc1 Rde8 36. c5 b5 37. c6 Qd6 38. a3 Rc7 39. Rc5 a6 40. Qb2 Rd8 41. Rc1 Qf6 42. Rc5 Qh4 43. Bg2 Qg3 44. Rc1 Rd6 45. Re1 Rdxc6 46. Qxd4+ Rf6 47. Qxe3 Qxe3 48. Rxe3 Rc3 49. Rd2 Rxa3 50. Re7+ Kf8 51. Rb7 Rd6 52. Rc2 Rd8 53. d4 Rd3 54. d5 Rd4 55. Rcc7 Rxf4 56. Rxh7 Kg8 57. Rbg7+ Kf8 58. Rxg6 Rxb4 59. Rxa6 Kg8 60. Rb7 Rb1+ 61. Kh2 Rb2 62. h4 b4 63. Rab6 Rxd5 64. Rxb4 Rc2 65. Ra7 Rd8 66. Kg3 Rd3+ 67. Kh2 Rd8 68. h5 f4 69. Rxf4 Kh8 70. Kh3 Rg8 71. Bd5 Rc3+ 72. Kh4 Rc1 1-0

[Event "FIDE WCC Blitz Women 2019"]
[Site "Moscow"]
[Date "2019.12.30"]
[Round "13.39"]
[White "Mamedjarova, Turkan"]
[Black "Shumilina, Alexandra"]
[Result "1-0"]
[WhiteElo "2273"]
[BlackElo "2139"]
[Annotator "NA"]
[PlyCount "85"]
[EventDate "2019.12.29"]
[EventType "swiss"]
[EventCountry "RUS"]
[SourceTitle "playchess.com"]
[Source "ChessBase"]
[SourceQuality "1"]

1. d4 d5 2. Nf3 Nf6 3. c4 c6 4. Nc3 a6 5. c5 Bf5 6. Bf4 e6 7. e3 Be7 8. Bd3 Bxd3 9. Qxd3 O-O 10. O-O Nh5 11. Be5 Nd7 12. b4 f6 13. Bg3 Nxg3 14. hxg3 e5 15. e4 exd4 16. Qxd4 dxe4 17. Nxe4 f5 18. Nd6 Bxd6 19. cxd6 Nf6 20. Rad1 Nd5 21. Qe5 Qd7 22. Rxd5 cxd5 23. Qxd5+ Kh8 24. Ne5 Qe8 25. Rd1 Rd8 26. f4 Rf6 27. d7 Qe7 28. Qxb7 h6 29. Rc1 Kh7 30. Rc6 Rd6 31. Rxd6 Qxd6 32. Kh2 Qe7 33. Qxa6 Qxb4 34. Qg6+ Kg8 35. Qxf5 Qe7 36. a4 Qf6 37. Qd3 h5 38. Qd5+ Kh7 39. Nf7 h4 40. Qh5+ Kg8 41. Nxd8 hxg3+ 42. Kxg3 Qxd8 43. Qe8+ 1-0

[Event "FIDE WCC Blitz Women 2019"]
[Site "Moscow"]
[Date "2019.12.30"]
[Round "13.40"]
[White "Potapova, Margarita"]
[Black "Khokhlova, Daria"]
[Result "1-0"]
[WhiteElo "2259"]
[BlackElo "2109"]
[Annotator "NA"]
[PlyCount "83"]
[EventDate "2019.12.29"]
[EventType "swiss"]
[EventCountry "RUS"]
[SourceTitle "playchess.com"]
[Source "ChessBase"]
[SourceQuality "1"]

1. d4 Nf6 2. c4 c5 3. d5 e6 4. Nc3 exd5 5. cxd5 d6 6. Nf3 g6 7. Bf4 a6 8. a4 Bg7 9. h3 O-O 10. e3 Qe7 11. Be2 Nbd7 12. O-O Nh5 13. Bh2 f5 14. Nd2 Nhf6 15. Nc4 Ne8 16. a5 Rb8 17. Re1 Ne5 18. Nb6 Nf6 19. Bf1 Ne4 20. Qc2 Nf7 21. Bd3 Nxc3 22. bxc3 Ne5 23. Bf1 Bd7 24. Rab1 g5 25. f4 Nf7 26. Bd3 gxf4 27. exf4 Qd8 28. Bxf5 Bxf5 29. Qxf5 Bxc3 30. Re2 Bd4+ 31. Kh1 Kh8 32. Nd7 Nh6 33. Qxf8+ Qxf8 34. Nxf8 Rxf8 35. Rxb7 Nf5 36. g4 Ne3 37. f5 c4 38. Rc7 Rb8 39. Bxd6 Rb1+ 40. Kh2 c3 41. f6 Kg8 42. f7+ 1-0

[Event "FIDE WCC Blitz Women 2019"]
[Site "Moscow"]
[Date "2019.12.30"]
[Round "13.41"]
[White "Osmak, Iulija"]
[Black "Bulatova, Kamaliya"]
[Result "1-0"]
[WhiteElo "2242"]
[BlackElo "2038"]
[Annotator "NA"]
[PlyCount "122"]
[EventDate "2019.12.29"]
[EventType "swiss"]
[EventCountry "RUS"]
[SourceTitle "playchess.com"]
[Source "ChessBase"]
[SourceQuality "1"]

1. e4 c5 2. c3 d5 3. exd5 Qxd5 4. d4 Nc6 5. Nf3 Bf5 6. Be3 cxd4 7. Nxd4 Bxb1 8. Rxb1 e6 9. Be2 Nge7 10. Nb5 Qxd1+ 11. Rxd1 Nd5 12. Rxd5 exd5 13. Nc7+ Kd7 14. Nxa8 Bd6 15. Nb6+ axb6 16. Bxb6 Ne5 17. O-O h5 18. Rd1 Kc6 19. Bd4 f6 20. a4 Ra8 21. Bb5+ Kc7 22. Be3 Nc4 23. Rxd5 Nxb2 24. Rd4 Be5 25. Bf4 Kb6 26. Bxe5 fxe5 27. Re4 Kc5 28. Rxe5+ Kd6 29. Rxh5 Nxa4 30. Bxa4 Rxa4 31. g3 Rc4 32. Rb5 Kc6 33. Rb3 b5 34. Kg2 g5 35. h3 Kc5 36. Kf3 Ra4 37. Ke3 Kc4 38. Rb1 Ra3 39. Rb4+ Kxc3 40. Rg4 b4 41. Rxg5 Kc4+ 42. Kf4 b3 43. Rg8 b2 44. Rc8+ Kb3 45. Rb8+ Kc3 46. Rxb2 Kxb2 47. h4 Ra4+ 48. Kg5 Ra5+ 49. Kg4 Kc3 50. h5 Kd4 51. h6 Ke5 52. Kg5 Ke6+ 53. Kg6 Ke7 54. f4 Ra6+ 55. Kg7 Ra3 56. g4 Rh3 57. h7 Rg3 58. g5 Rh3 59. h8=Q Rxh8 60. Kxh8 Ke6 61. g6 Kd5 1-0

[Event "FIDE WCC Blitz Women 2019"]
[Site "Moscow"]
[Date "2019.12.30"]
[Round "13.42"]
[White "Strutinskaia, Galina"]
[Black "Borisova, Ekaterina"]
[Result "1-0"]
[WhiteElo "2227"]
[BlackElo "2029"]
[Annotator "NA"]
[PlyCount "145"]
[EventDate "2019.12.29"]
[EventType "swiss"]
[EventCountry "RUS"]
[SourceTitle "playchess.com"]
[Source "ChessBase"]
[SourceQuality "1"]

1. d4 Nf6 2. c4 e6 3. Nc3 Bb4 4. Bd2 c5 5. a3 Bxc3 6. Bxc3 Ne4 7. Rc1 Nxc3 8. Rxc3 Qb6 9. e3 Nc6 10. Nf3 cxd4 11. exd4 O-O 12. b4 d5 13. c5 Qd8 14. Be2 a6 15. O-O Bd7 16. Re1 Qc7 17. Bf1 Ne7 18. Rce3 Nf5 19. Re5 f6 20. R5e2 a5 21. b5 a4 22. Qd3 Ra5 23. Rb1 Ne7 24. Reb2 Be8 25. Re1 Bf7 26. h3 Ng6 27. Qd2 Raa8 28. Bd3 Nf4 29. Bb1 Rfe8 30. b6 Qc6 31. Qxf4 e5 32. Qh4 e4 33. Nd2 f5 34. Qf4 Qf6 35. Rb4 g5 36. Qc7 Re7 37. Qd6 Be6 38. Qe5 Qf7 39. Qg3 h6 40. f4 Qg7 41. Nf1 Bd7 42. Ne3 Be6 43. h4 Qf8 44. Rf1 Rg7 45. fxg5 hxg5 46. Qe5 Qe8 47. Nxd5 Bxd5 48. Qxd5+ Kh8 49. Qxf5 e3 50. hxg5 e2 51. Re1 Qe3+ 52. Qf2 Qxa3 53. Rc4 Re8 54. d5 Qb3 55. Rh4+ Kg8 56. d6 a3 57. Bh7+ Rxh7 58. Rxh7 Kxh7 59. Qf5+ Kg7 60. Qf6+ Kg8 61. Qg6+ Kf8 62. d7 Qe3+ 63. Kh1 Ra8 64. Qf6+ Kg8 65. d8=Q+ Rxd8 66. Qxd8+ Kg7 67. Qf6+ Kg8 68. Qg6+ Kf8 69. Qf5+ Kg8 70. g6 Qh6+ 71. Kg1 Qe3+ 72. Qf2 Qe6 73. Qf7+ 1-0

[Event "FIDE WCC Blitz Women 2019"]
[Site "Moscow"]
[Date "2019.12.30"]
[Round "13.43"]
[White "Kovanova, Baira"]
[Black "Serikbay, Assel"]
[Result "1/2-1/2"]
[WhiteElo "2218"]
[BlackElo "2028"]
[Annotator "NA"]
[PlyCount "88"]
[EventDate "2019.12.29"]
[EventType "swiss"]
[EventCountry "RUS"]
[SourceTitle "playchess.com"]
[Source "ChessBase"]
[SourceQuality "1"]

1. Nf3 d5 2. g3 Nf6 3. Bg2 c5 4. d3 Nc6 5. O-O e5 6. Nbd2 Be7 7. e4 O-O 8. Re1 d4 9. a4 Qc7 10. Rf1 Ne8 11. Nc4 f5 12. exf5 Bxf5 13. Ng5 Rd8 14. Qe2 h6 15. Ne4 Nf6 16. f4 Nd5 17. fxe5 Nxe5 18. Ned6 Bxd6 19. Bxd5+ Kh8 20. Nxd6 Qxd6 21. Bf4 Qxd5 22. Qxe5 Qxe5 23. Bxe5 Bh3 24. Rxf8+ Rxf8 25. Bd6 Rf5 26. Re1 Kh7 27. Bf4 g5 28. Bb8 a6 29. a5 Kg6 30. Bd6 Kf7 31. Re7+ Kg6 32. Re1 Kh5 33. Be7 Kg4 34. Bd6 Kh5 35. Be7 Kg6 36. Bd6 h5 37. Re6+ Kf7 38. Re7+ Kf6 39. Re1 Kg6 40. Re6+ Kf7 41. Re7+ Kf6 42. Re1 Kg6 43. Re6+ Kf7 44. Re1 Kg6 1/2-1/2

[Event "FIDE WCC Blitz Women 2019"]
[Site "Moscow"]
[Date "2019.12.30"]
[Round "13.44"]
[White "Munkhzul, Turmunkh"]
[Black "Atalik, Ekaterina"]
[Result "1/2-1/2"]
[WhiteElo "2139"]
[BlackElo "2211"]
[Annotator "NA"]
[PlyCount "148"]
[EventDate "2019.12.29"]
[EventType "swiss"]
[EventCountry "RUS"]
[SourceTitle "playchess.com"]
[Source "ChessBase"]
[SourceQuality "1"]

1. e4 c6 2. d4 d5 3. e5 Bf5 4. Nf3 e6 5. Be2 Ne7 6. O-O Ng6 7. Be3 Nh4 8. Nbd2 Nxf3+ 9. Bxf3 Be7 10. Re1 O-O 11. Bg4 Bg6 12. f4 Qc7 13. Rf1 c5 14. c3 cxd4 15. cxd4 Nc6 16. Rc1 Qb6 17. Nb3 a5 18. Qd2 a4 19. Nc5 Bxc5 20. Rxc5 Be4 21. Rfc1 Nb4 22. Be2 Nc6 23. Qc3 Rfc8 24. a3 h6 25. Kf2 Ne7 26. Qd2 Rxc5 27. Rxc5 Rc8 28. Qb4 Qxb4 29. Rxc8+ Nxc8 30. axb4 Nb6 31. Bb5 Bc2 32. Ke2 Bb3 33. Bf2 Bc4+ 34. Bxc4 Nxc4 35. Kd3 Nxb2+ 36. Kc2 Nc4 37. b5 g5 38. g3 Kg7 39. fxg5 hxg5 40. g4 Na3+ 41. Kc3 Nxb5+ 42. Kb4 a3 43. Kb3 f6 44. exf6+ Kxf6 45. Be3 Nd6 46. Bd2 Nc4 47. Bc3 Ne3 48. h3 Nc4 49. Ba1 b5 50. Bc3 Nd6 51. Kxa3 Ne4 52. Be1 e5 53. dxe5+ Kxe5 54. Kb4 d4 55. h4 gxh4 56. Bxh4 d3 57. Be1 Kf4 58. Kxb5 Ke3 59. Ba5 Kd4 60. Bb6+ Kc3 61. Ba5+ Kc2 62. Kc4 Nd6+ 63. Kd5 Nb5 64. Be1 Kd1 65. Bb4 Kc2 66. Be1 Nc3+ 67. Kc4 Nd1 68. g5 Ne3+ 69. Kd4 Ng2 70. Ba5 Nh4 71. Ke4 Ng6 72. Kf5 Nh4+ 73. Kg4 Ng6 74. Kf5 Nh4+ 1/2-1/2

[Event "FIDE WCC Blitz Women 2019"]
[Site "Moscow"]
[Date "2019.12.30"]
[Round "13.45"]
[White "Manakova, Maria"]
[Black "Protopopova, Anastasiya"]
[Result "1-0"]
[WhiteElo "2149"]
[BlackElo "2084"]
[Annotator "NA"]
[PlyCount "87"]
[EventDate "2019.12.29"]
[EventType "swiss"]
[EventCountry "RUS"]
[SourceTitle "playchess.com"]
[Source "ChessBase"]
[SourceQuality "1"]

1. e4 c5 2. Nf3 d6 3. d4 cxd4 4. Nxd4 Nf6 5. Nc3 a6 6. Bg5 Nbd7 7. Be2 e6 8. O-O Be7 9. a4 O-O 10. Be3 Qc7 11. Kh1 b6 12. f4 Bb7 13. Bf3 Nc5 14. e5 dxe5 15. fxe5 Qxe5 16. Bxb7 Nxb7 17. Qf3 Qc7 18. Nc6 Bd6 19. Bg5 Nd7 20. Ne7+ Bxe7 21. Bxe7 Ne5 22. Qg3 Qxe7 23. Qxe5 Rfd8 24. Rf3 f6 25. Qe3 Nc5 26. Re1 Rd6 27. b4 Nd7 28. Ne4 Rc6 29. c3 Rac8 30. Qe2 a5 31. bxa5 bxa5 32. Qb5 Ne5 33. Rg3 Nc4 34. Rf1 Kh8 35. Qh5 Ne5 36. Rh3 g6 37. Qh6 Rf8 38. Ng5 Rc7 39. Ne4 Ng4 40. Qxg6 Ne5 41. Qh6 Qg7 42. Nxf6 Qxh6 43. Rxh6 Rxc3 44. Rxh7# 1-0

[Event "FIDE WCC Blitz Women 2019"]
[Site "Moscow"]
[Date "2019.12.30"]
[Round "13.46"]
[White "Song, Yuxin"]
[Black "Gvanceladze, Anna"]
[Result "1-0"]
[WhiteElo "2128"]
[BlackElo "2066"]
[Annotator "NA"]
[PlyCount "75"]
[EventDate "2019.12.29"]
[EventType "swiss"]
[EventCountry "RUS"]
[SourceTitle "playchess.com"]
[Source "ChessBase"]
[SourceQuality "1"]

1. e4 c6 2. d4 d5 3. e5 c5 4. dxc5 Nc6 5. Nf3 Bg4 6. Bb5 e6 7. Be3 Qa5+ 8. Nc3 Nge7 9. a3 Nf5 10. b4 Qc7 11. Bd4 Nfxd4 12. Qxd4 Bxf3 13. Bxc6+ Qxc6 14. gxf3 b6 15. cxb6 axb6 16. Kd2 g6 17. f4 Bh6 18. Rhg1 Rc8 19. Rg4 Ke7 20. Ra2 Rc7 21. Ne2 Bg7 22. Qd3 h5 23. Rg3 Bh6 24. Rf3 Rhc8 25. Nd4 Qa4 26. Nb5 Rc4 27. Nd6 Bxf4+ 28. Rxf4 Rxf4 29. Nxc8+ Kd8 30. Nxb6 Qc6 31. Qe3 g5 32. Qc5 Qxc5 33. bxc5 Rxf2+ 34. Ke3 Rxh2 35. a4 Rh3+ 36. Kf2 Rc3 37. a5 Rxc5 38. a6 1-0